[Event "AUT-chT2W 9495"]
[Site "Austria"]
[Date "1995.??.??"]
[Round "?.2"]
[White "Dangl, P."]
[Black "Atlas, Dimitry"]
[Result "0-1"]
[WhiteElo "1655"]
[BlackElo "2240"]
[PlyCount "62"]
[EventDate "1994.??.??"]
[EventType "team"]
[EventRounds "9"]
[EventCountry "AUT"]
[SourceTitle "EXT 1999"]
[Source "ChessBase"]
[SourceDate "1998.11.16"]
[SourceVersion "1"]
[SourceVersionDate "1998.11.16"]
[SourceQuality "1"]

1. e4 e6 2. Bc4 d5 3. exd5 exd5 4. Bb3 Nf6 5. d3 h6 6. h3 Bd6 7. Nf3 0-0 8. Be3 Bf5 9. Nbd2 c5 10. g4 Bh7 11. g5 hxg5 12. Bxg5 Re8+ 13. Kf1 d4 14. Bd5 Nc6 15. Ne4 Be7 16. Nxf6+ Bxf6 17. Bxc6 bxc6 18. Bxf6 Qxf6 19. Nh2 c4 20. Ng4 Qf4 21. Rg1 cxd3 22. cxd3 Rab8 23. b3 Kh8 24. Rg3 f5 25. Nh2 Re6 26. Qf3 Qxf3 27. Nxf3 f4 28. Ng5 Rf6 29. Rf3 Bg6 30. h4 Bf5 31. Nh3 Bg4 0-1

[Event "Vorarlberg-ch"]
[Site "Goetzis"]
[Date "1995.??.??"]
[Round "?"]
[White "Lochner, Herbert"]
[Black "Dangl, P."]
[Result "1-0"]
[WhiteElo "1840"]
[BlackElo "1655"]
[PlyCount "117"]
[EventDate "1995.??.??"]
[EventType "swiss"]
[EventRounds "7"]
[EventCountry "AUT"]
[SourceTitle "EXT 1999"]
[Source "ChessBase"]
[SourceDate "1998.11.16"]
[SourceVersion "1"]
[SourceVersionDate "1998.11.16"]
[SourceQuality "1"]

1. Nf3 e6 2. g3 d5 3. Bg2 Bd6 4. 0-0 c5 5. d3 Nf6 6. Nbd2 0-0 7. Re1 e5 8. e4 d4 9. Nc4 Nc6 10. a4 Bc7 11. Nh4 Be6 12. Nd2 Qd7 13. Nf1 h6 14. b3 Bg4 15. Bf3 Bxf3 16. Qxf3 Ne7 17. Bxh6 Qg4 18. Qxg4 Nxg4 19. Bd2 f6 20. h3 Nh6 21. Bxh6 gxh6 22. g4 Kf7 23. Ng3 Rh8 24. Kg2 Rag8 25. Kf3 Rg5 26. Ke2 a6 27. Rab1 Ba5 28. Rf1 Bc7 29. Rbc1 b5 30. axb5 axb5 31. Ra1 Rgg8 32. Ra6 Ng6 33. Nxg6 Kxg6 34. Rc6 Ba5 35. Nh5 Rf8 36. Ra1 Bb4 37. Ra7 Rhg8 38. h4 Rf7 39. Rxf7 Kxf7 40. Rxf6+ Ke7 41. f3 Ra8 42. g5 hxg5 43. hxg5 Rh8 44. Rh6 Rg8 45. g6 c4 46. g7 cxd3+ 47. Kxd3 Kf7 48. Rf6+ Ke7 49. f4 Rxg7 50. fxe5 Rh7 51. Nf4 Bc3 52. Nd5+ Kd8 53. e6 Rh3+ 54. Ke2 Rh8 55. e7+ Ke8 56. Rf8+ Rxf8 57. exf8Q+ Kxf8 58. Nxc3 dxc3 59. Kd3 1-0

[Event "AUT-chT2W 9495"]
[Site "Austria"]
[Date "1994.??.??"]
[Round "?.6"]
[White "Schmid, Sandro"]
[Black "Dangl, P."]
[Result "1-0"]
[WhiteElo "1825"]
[BlackElo "1700"]
[PlyCount "61"]
[EventDate "1994.??.??"]
[EventType "team"]
[EventRounds "9"]
[EventCountry "AUT"]
[SourceTitle "EXT 1999"]
[Source "ChessBase"]
[SourceDate "1998.11.16"]
[SourceVersion "1"]
[SourceVersionDate "1998.11.16"]
[SourceQuality "1"]

1. e4 c5 2. Nc3 e6 3. Nf3 h6 4. d4 cxd4 5. Nxd4 a6 6. Be2 b5 7. Bf3 Bb7 8. 0-0 Bc5 9. Nb3 Bb6 10. Bf4 Nc6 11. Bd6 Nge7 12. Re1 0-0 13. Nd5 exd5 14. exd5 Re8 15. dxc6 Nxc6 16. Rxe8+ Qxe8 17. Qd2 Qe6 18. Re1 Qf6 19. Nc5 Bxc5 20. Bxc5 Rc8 21. c3 Qf5 22. Bb6 Qf6 23. Qxd7 Ne5 24. Qxb7 Nxf3+ 25. gxf3 Rc6 26. Bc7 Qxf3 27. Bg3 h5 28. Qb8+ Kh7 29. Qf4 Qd5 30. Qe4+ Qxe4 31. Rxe4 1-0